000 00618pam a2200217 a 4500
001 478526
005 20251129145707.0
008 840214s1985 nyua 001 0 eng
020 _a0023223006
020 _a9780023223006
050 0 0 _aTA351
_b.C52 1985
082 0 0 _a620.1/12
_219
100 1 _aCheng, Fa-Hwa.
245 1 0 _aStatics and strength of materials /
_cFa-Hwa Cheng.
260 _aNew York :
_bMacmillan ;
_aLondon :
_bCollier Macmillan,
_cc1985.
300 _axv, 541 p. :
_bill. ;
_c27 cm.
500 _aIncludes index.
650 0 _aStatics.
650 0 _aStrength of materials.
942 _2lcc
_cBK
_n0
999 _c8447
_d8447